Open Data Biblioteca Nacional de Portugal


República Portuguesa: Ministério da Cultura
Biblioteca Nacional de Portugal

Catálogo da BNP: acesso por Identificadores Unívocos
Registos Bibliográficos associados ao registo de autoridade

Etiqueta de registo: 00254nam 2200025 450
001 2286630
003 http://id.bnportugal.gov.pt/bib/catbnp/2286630
100 ## $a20260521d2025 k y0pory01030103ba
101 0# $apor$deng
102 ## $aPT
105 ## $ay m 001yy
106 ## $ar
200 1# $aÂnimo versus estupor$eperspectivas sobre o limite entre homem e animal$fSónia Maria Ferreira Duarte$gorient. Nuno Gabriel de Castro Nabais dos Santos
210 #9 $aLisboa$c[s.n.],$d2025
215 ## $aIII, [1], 115 f.$d30 cm
328 #1 $aTese dout. Filosofia da Ciência, Tecnologia, Arte e Sociedade (Filosofia da Tecnologia), Faculdade de Letras da Universidade de Lisboa, 2025
675 ## $a165(043)$vBN$zpor$31092185
700 #1 $aDuarte,$bSónia Maria Ferreira$31998940
702 #1 $aNabais,$bNuno,$f1957-$4727$371018
801 #0 $aPT$bBN$gRPC
966 ## $lBN$mFGMON$sS.A. 194128 V.$x1
971 ## $cisantos$d20260521
973 ## $csteixeira$d20260625
975 ## $e0$d20260630$viquintas

OpendataBNP@bnportugal.pt | Mais informação sobre acesso aos dados BNP